[Event "Olympiad Women 2024"]
[Site "Budapest HUN"]
[Date "2024.09.15"]
[Round "5.64"]
[Board "2"]
[White "Thomas, Nelissa"]
[Black "Nkwanyane Nolwazi"]
[Result "0-1"]
[WhiteElo "1631"]
[BlackElo "1542"]
[PlyCount "50"]
[EventDate "2024.09.11"]
[WhiteTeam "Bahamas"]
[BlackTeam "Eswatini"]
[WhiteTeamCountry "BAH"]

1. e4 c5 2. Nc3 Nc6 3. Bc4 Nf6 4. d3 g6 ({RR} 4... h6 5. f4 d6 6. Nf3 e6 7. Bb5 Be7 8. Bxc6+ bxc6 9. e5 Nd7 10. exd6 Bxd6 11. Ne4 Be7 12. O-O O-O 13. Qe2 f5 14. Ned2 Nf6 15. Ne5 Qe8 16. b3 Bd6 17. Bb2 Nd7 18. Nec4 Bc7 19. Rae1 {1-0 Belli,M (2403)-Castillo,C Huacho op 2nd 2004 (1)}) 5. f4 ({RR} 5. Qf3 Nd4 6. Qe2 Nxe2 7. Ncxe2 Bg7 8. e5 Ng4 9. h3 Nxe5 10. Bb3 d6 11. Be3 a5 12. Ba4+ Bd7 13. Bb3 Bc6 14. Rh2 a4 15. Bc4 b5 16. b3 bxc4 17. bxc4 Nxd3+ 18. cxd3 Bxa1 19. Nf3 Bxf3 {0-1 Boucher,E-Blais,D ch-CAN Youth U18 2024 (7.16)}) 5... d6 6. Nge2 $146 ({RR} 6. Be3 Bg7 7. Nf3 O-O 8. h3 Na5 9. Nd2 a6 10. Qf3 Rb8 11. f5 Nxc4 12. Nxc4 b5 13. Nd2 Nd7 14. Nd1 Ne5 15. Qf2 {½-½ Hush,J-Van der Velde,W London Fall op 1995}) ({RR} 6. Nf3 Bg4 7. h3 Bd7 8. a3 Bg7 9. Bd2 a6 10. Ba2 O-O 11. O-O Rc8 12. Qe1 e6 13. Kh1 Nd4 14. Rc1 b5 15. Nxd4 cxd4 16. Ne2 e5 17. Qf2 a5 18. c3 dxc3 19. Bxc3 Re8 20. Ng3 Bh6 {½-½ Konopacka,M (1607)-Kozubal,A (1411) POL-ch U12 Girls 2011 (4)}) ({RR} 6. Be3 Bg7 7. h3 a6 8. a3 b5 9. Ba2 Qb6 10. Nf3 b4 11. Ne2 Rb8 12. O-O O-O 13. axb4 Qxb4 14. Bc4 Qxb2 15. Bb3 Nd7 16. Ra2 Qf6 17. g4 e6 18. f5 Qe7 19. Bg5 Nf6 20. Qd2 Re8 {0-1 Gonzalez Noval,L-Ordonez Cabaneros,J Asturias Primera op-B 1998 (3)}) 6... e6 7. O-O Bg7 8. Ng3 O-O 9. f5 d5 10. Bb3 d4 11. Nce2 Na5 12. Bg5 Nxb3 13. axb3 h6 14. Bxf6 Bxf6 15. fxg6 fxg6 16. Nf4 Kh7 17. Qe2 Bg5 18. Nh3 Be3+ 19. Kh1 e5 20. Rxf8 Qxf8 21. Rf1 Qe7 22. Nf2 Qh4 23. Qf3 Bf4 24. Kg1 Be6 25. Nfh1 Bg4 0-1

[Event "Olympiad Women 2024"]
[Site "Budapest HUN"]
[Date "2024.09.15"]
[Round "5.64"]
[Board "3"]
[White "Dlamini Sincobile"]
[Black "Johnson, Daijah"]
[Result "1/2-1/2"]
[WhiteElo "1572"]
[BlackElo "1625"]
[PlyCount "80"]
[EventDate "2024.09.11"]
[WhiteTeam "Eswatini"]
[BlackTeam "Bahamas"]
[BlackTeamCountry "BAH"]

1. d4 Nf6 2. Bf4 g6 3. e3 Bg7 4. Nf3 d6 5. Nbd2 O-O 6. h3 Nbd7 7. Bd3 Re8 8. Bh2 e5 9. dxe5 dxe5 10. e4 ({RR} 10. Bc4 h6 11. e4 Nh5 12. O-O Nf4 13. Re1 Qf6 14. Bf1 Rd8 15. c3 Nb6 16. Qc2 Be6 17. b4 a5 18. a3 Bf8 19. Kh1 g5 20. Reb1 Ra7 21. Rd1 Rda8 22. Rab1 axb4 23. axb4 c5 24. Bxf4 Qxf4 {0-1 Mudrak,J (2243)-Kalod,R (2456) CZE-chT2E 1819 2018 (3.1)}) 10... h6 $146 ({RR} 10... Nh5 11. Qe2 Nf4 12. Bxf4 exf4 13. O-O-O Qf6 14. c3 Nc5 15. g4 fxg3 16. fxg3 Nxd3+ 17. Qxd3 Be6 18. Kb1 Rad8 19. Qe3 Bd5 20. h4 Qa6 21. a3 Qa4 22. h5 Bxe4+ 23. Nxe4 Rxd1+ {0-1 Fjellheim,M (1416)-Johansen,P (1534) Aslo ASKO CC-ch Group-B 2009 (7)}) ({RR} 10... Nh5 11. O-O Nf4 12. Nc4 Qf6 13. Qd2 Nxh3+ 14. Kh1 Nf4 15. Ncxe5 Nxe5 16. Nxe5 Rxe5 17. Bxf4 Rh5+ 18. Kg1 Qh4 19. f3 Bxb2 20. Rab1 Bd4+ 21. Be3 Qf4 22. Kf2 Rh2 23. Rg1 b6 24. Ke2 Qxe3+ 25. Qxe3 {0-1 Zhang,X (1542)-Sun,F (2124) CHN Team Women 2024 (1.3)}) ({RR} 10... Nh5 11. O-O Nc5 12. Bc4 c6 13. b4 Na4 14. c3 Nb6 15. Bb3 Qe7 16. Nc4 Nxc4 17. Bxc4 b5 18. Bb3 a5 19. a4 axb4 20. cxb4 Qxb4 21. Rb1 Qe7 22. axb5 cxb5 23. Bd5 Rb8 24. Qd2 b4 25. Ng5 {0-1 Kylar,M (1870)-Petran,P (2324) SVK-ch Seniors 50 2017 (7)}) 11. O-O Nh7 12. c3 c6 13. Qc2 Nc5 14. Bc4 b5 15. Bb3 Nxb3 16. Qxb3 Be6 17. Qc2 Ng5 18. Rad1 Nxf3+ 19. Nxf3 Qc7 20. Nd4 Qb6 21. Nxe6 Rxe6 22. Rd7 Rd8 23. Rfd1 Rxd7 24. Rxd7 c5 25. Qd3 Bf8 26. Qf3 Rf6 27. Qd1 Rd6 28. Rxd6 Qxd6 29. Qxd6 Bxd6 30. Kf1 Kf8 31. Ke2 Ke7 32. b3 Ke6 33. f3 f6 34. Bg1 a6 35. c4 b4 36. Be3 g5 37. g4 a5 38. Kd3 Be7 39. Bf2 Bd6 40. h4 Be7 1/2-1/2

[Event "Olympiad Women 2024"]
[Site "Budapest HUN"]
[Date "2024.09.15"]
[Round "5.64"]
[Board "4"]
[White "Pride, Chika"]
[Black "Nosimilo, Mkhonto"]
[Result "1/2-1/2"]
[WhiteElo "1587"]
[BlackElo "1561"]
[PlyCount "44"]
[EventDate "2024.09.11"]
[WhiteTeam "Bahamas"]
[BlackTeam "Eswatini"]
[WhiteTeamCountry "BAH"]

1. e4 e5 2. Nf3 Nc6 3. Bc4 Bc5 4. d3 Nf6 5. c3 d6 6. O-O O-O 7. Nbd2 a6 8. a4 h6 ({RR} 8... a5 9. Re1 h6 10. Nf1 Ne7 11. h3 Ng6 12. Ng3 c6 13. d4 exd4 14. cxd4 Bb4 15. Bd2 Bxd2 16. Qxd2 d5 17. exd5 Nxd5 18. Ne5 Ngf4 19. Ra3 Qg5 20. Nf3 Qg6 21. Kh2 Be6 22. Bf1 Qf6 23. Ne5 {0-1 Vachier Lagrave,M (2778)-So,W (2770) Chess24 Banter Blitz Cup Final 2020 (2.9)}) 9. Re1 ({RR} 9. h3 Re8 10. b4 Ba7 11. Re1 Be6 12. Bxe6 Rxe6 13. Qc2 Re8 14. Rb1 Qd7 15. b5 axb5 16. axb5 Ne7 17. Nc4 Ng6 18. b6 cxb6 19. Nxb6 Bxb6 20. Rxb6 Ra6 21. Rb4 d5 22. Qb3 Rc6 23. exd5 Qxd5 {½-½ Narayanan,S (2533)-Itgelt,K (2402) 17th Paracin Open A 2024 (6.8)}) 9... Re8 $146 ({RR} 9... Ng4 10. Re2 Kh8 11. h3 Nf6 12. Nf1 Ba7 13. Ng3 Nh7 14. Be3 f5 15. exf5 Bxf5 16. Nxf5 Rxf5 17. Bxa7 Rxa7 18. Re3 Ra8 19. Bd5 Ng5 20. Nh4 Rf6 21. Qh5 Ne7 22. Bb3 Nf5 23. Nxf5 Rxf5 24. Qe2 {½-½ Chiriac,D (1969)-Panfilii,L (1896) MDA-ch Kishinev 2022 (2)}) ({RR} 9... a5 10. Nf1 Be6 11. Ng3 Bxc4 12. dxc4 Qd7 13. Nf5 Ne7 14. Nxe7+ Qxe7 15. Nh4 Qe6 16. Qd3 Kh7 17. Nf5 Ng4 18. Be3 Nxe3 19. Nxe3 g6 20. Qd5 Qe7 21. Rab1 c6 22. Qd3 Qe6 23. Red1 f5 24. exf5 {½-½ Kacharava,N (2424)-Alonso Rosell,A (2559) EU-ch 20th Skopje 2019 (9)}) ({RR} 9... Kh8 10. Nf1 Be6 11. Ng3 d5 12. exd5 Bxd5 13. Bxd5 Qxd5 14. b4 Ba7 15. c4 Qd6 16. b5 axb5 17. axb5 Nb4 18. Rxa7 Rxa7 19. Nxe5 Nd7 20. Nf5 Qe6 21. Nd4 Qd6 22. Nf5 Qe6 23. Nd4 Qd6 24. Nf5 {½-½ Saranya,J (2071)-Kushagra,M (2283) Gujarat op 1st 2018 (4)}) 10. Nf1 Ng4 11. Re2 Be6 12. Bxe6 Rxe6 13. d4 exd4 14. cxd4 Ba7 15. d5 Rxe4 16. Rxe4 Nxf2 17. Qe2 Nh3+ 18. Kh1 Nf2+ 19. Kg1 Nh3+ 20. Kh1 Nf2+ 21. Kg1 Nh3+ 22. Kh1 Nf2+ 1/2-1/2

[Event "Olympiad Women 2024"]
[Site "Budapest HUN"]
[Date "2024.09.15"]
[Round "5.65"]
[Board "1"]
[White "Marcos, Taqesyah"]
[Black "Lyons, Kieran"]
[Result "0-1"]
[WhiteElo "1679"]
[BlackElo "1818"]
[PlyCount "82"]
[EventDate "2024.09.11"]
[WhiteTeam "Netherlands Antilles"]
[BlackTeam "Fiji"]
[WhiteTeamCountry "AHO"]
[BlackTeamCountry "FIJ"]

1. d4 f5 2. e3 Nf6 3. Nf3 e6 4. c4 b6 5. Be2 Bb7 ({RR} 5... Bb4+ 6. Bd2 a5 7. a3 Be7 8. O-O Bb7 9. Nc3 Ne4 10. Ne5 Nxd2 11. Qxd2 O-O 12. Bf3 Qc8 13. d5 Bf6 14. Nd3 a4 15. e4 Bxc3 16. Qxc3 fxe4 17. Bxe4 Na6 18. Rae1 exd5 19. cxd5 Qd8 20. Qc4 {0-1 Anton Guijarro,D (2669)-Kamsky,G (2609) Titled Tue 13th Aug Early 2024 (8)}) 6. Nbd2 Bb4 ({RR} 6... Be7 7. O-O O-O 8. b3 d6 9. Bb2 Nbd7 10. Ng5 Qc8 11. Nxe6 Re8 12. d5 Nf8 13. Nd4 c6 14. dxc6 Bxc6 15. Nxc6 Qxc6 16. Bf3 Ne4 17. Qc2 Rad8 18. Nxe4 fxe4 19. Bxe4 Qc7 20. Bd5+ Kh8 21. Qf5 {1-0 Kostic,I (1701)-Foldesi,J (1556) LJ Slovakia Open 2024 (6.49)}) 7. a3 $146 ({RR} 7. O-O a5 8. a3 Be7 9. b3 O-O 10. Bb2 Ne4 11. Nxe4 fxe4 12. Nd2 d5 13. f3 Bg5 14. f4 Be7 15. Bg4 Bc8 16. Qc2 c6 17. Bc3 Na6 18. Qb2 b5 19. cxb5 cxb5 20. b4 a4 21. Rac1 Nc7 {0-1 Tozer,R (2312)-Pert,N (2460) Politiken Cup 24th 2002 (8)}) ({RR} 7. O-O O-O 8. Nb3 Be7 9. Ne5 d6 10. Nd3 c5 11. Nf4 Qc8 12. d5 e5 13. Ne6 Re8 14. f4 e4 15. g4 fxg4 16. Nd2 b5 17. b3 Bxd5 18. cxd5 Nxd5 19. Bxg4 Nxe3 20. Qe2 Nxg4 21. Qxg4 Bf6 {1-0 Stoyanov,P (2263)-Tereick,B (2181) NRW Class1 0506 2005 (4.2)}) 7... Bxd2+ 8. Bxd2 O-O 9. O-O d6 10. b4 Ne4 11. Qb3 Qf6 12. Rac1 Qg6 13. Bc3 c5 14. d5 e5 15. Nd2 Bc8 16. f4 exf4 17. exf4 Nd7 18. Qd1 Ndf6 19. Nf3 Qh6 20. Nd2 g5 21. Bxf6 Rxf6 22. Nxe4 fxe4 23. Bg4 Qh4 24. Bxc8 Rxc8 25. fxg5 Rxf1+ 26. Qxf1 Qxg5 27. Re1 Re8 28. Qe2 e3 29. h3 Kg7 30. Rf1 Rf8 31. Rxf8 Kxf8 32. b5 Kf7 33. Qf3+ Kg7 34. Qe2 Kg6 35. Qd3+ Kg7 36. Qe2 h5 37. Qb2+ Kg6 38. Qe2 Kf5 39. Qd3+ Ke5 40. Qe2 Ke4 41. Qf3+ Kd3 0-1

[Event "Olympiad Women 2024"]
[Site "Budapest HUN"]
[Date "2024.09.15"]
[Round "5.67"]
[Board "1"]
[White "Kovacova, Zuzana"]
[Black "Ebrahim, Zahabiyah"]
[Result "0-1"]
[WhiteElo "2020"]
[BlackElo "1475"]
[PlyCount "52"]
[EventDate "2024.09.11"]
[WhiteTeam "Bermuda"]
[BlackTeam "Tanzania"]
[WhiteTeamCountry "BER"]
[BlackTeamCountry "TAN"]

1. e4 c6 2. d4 d5 3. Nc3 dxe4 4. Nxe4 Nf6 5. Nxf6+ exf6 6. c3 Bd6 7. Bd3 O-O 8. Ne2 Re8 9. Qc2 g6 10. Be3 Be6 ({RR} 10... Nd7 11. O-O Qc7 12. g3 Nf8 13. Rfe1 Bg4 14. Qd2 Ne6 15. Kg2 Qd7 16. Nf4 Ng5 17. h4 Bf3+ {0-1 Belozerov,A (2528)-Jobava,B (2627) Wch Blitz St Petersburg 2018 (1)}) 11. h4 f5 12. Bg5 $146 ({RR} 12. h5 Qf6 13. hxg6 fxg6 14. O-O-O f4 15. Bd2 Nd7 16. Rh6 Nf8 17. Rdh1 Bd5 18. R1h4 f3 19. gxf3 Bxf3 20. Ng3 Qf7 21. Rxh7 Nxh7 22. Bxg6 Qf6 23. Bxh7+ Kf8 24. Nf5 Bc7 25. Rh6 Qf7 26. Bg6 Qg8 {1-0 Samani,Y (2266)-Gunduz,U (2261) TUR-chT Konya 2019 (2.2)}) ({RR} 12. h5 Qf6 13. hxg6 fxg6 14. g3 Bd5 15. Rh6 Bxg3 16. O-O-O Bd6 17. Bxf5 Bf8 18. Rxg6+ hxg6 19. Bxg6 Nd7 20. Rg1 Bg7 21. Nf4 Kf8 22. Bxe8 Rxe8 23. Nh5 Qf3 24. Qg6 Rxe3 25. Qxg7+ Ke8 26. fxe3 Qxh5 {½-½ Sulejmanova,A (2139)-Follana Albelda,L (1954) 24th ch-EUR Indiv w 2024 (2.65)}) ({RR} 12. h5 Qf6 13. O-O-O Bxa2 14. hxg6 fxg6 15. Qd2 Bf7 16. Rdg1 Nd7 17. g4 fxg4 18. Rxg4 Qe6 19. Rgh4 Nf8 20. Bh6 Nd7 21. Ng3 Qa2 22. Bb1 Qc4 23. Bf4 Bxf4 24. Qxf4 Nf8 25. Ne4 Re7 26. Nd6 Qe6 {1-0 Wojtaszek,R (2736)-Drozdzynski,D (1946) EU-ch blitz Katowice 2017 (2)}) ({RR} 12. O-O-O b5 13. g4 fxg4 14. h5 Qf6 15. hxg6 fxg6 16. d5 Bxd5 17. Rh6 Rxe3 18. fxe3 Kg7 19. e4 Bf4+ 20. Kb1 Bxa2+ 21. Kxa2 Bxh6 22. Nd4 Qf7+ 23. Kb1 Bf4 24. Rf1 g5 25. e5 c5 26. Nf5+ Kf8 {1-0 Mais,M (1950)-Dittmar,T (1905) Mittelfranken-ch HT 53rd 2004 (5)}) 12... Qc7 13. Bd2 Bd5 14. O-O-O Bxg2 15. Rhg1 Be4 16. Ng3 Bxg3 17. Rxg3 Nd7 18. Bg5 Re6 19. Qb3 Bxd3 20. Rgxd3 Rae8 21. Re3 Rxe3 22. fxe3 Qb6 23. Qc2 Kg7 24. Bf4 Nf6 25. Be5 Re6 26. Rg1 Rxe5 0-1

[Event "Olympiad Women 2024"]
[Site "Budapest HUN"]
[Date "2024.09.15"]
[Round "5.68"]
[Board "2"]
[White "Sokolova, Larisa"]
[Black "Majid, Zara"]
[Result "1/2-1/2"]
[WhiteElo "1705"]
[BlackElo "1411"]
[PlyCount "96"]
[EventDate "2024.09.11"]
[WhiteTeam "Cyprus"]
[BlackTeam "Cayman Islands"]
[WhiteTeamCountry "CYP"]
[BlackTeamCountry "CAY"]

1. e4 d6 2. Nc3 Nf6 3. d4 g6 4. Bc4 Bg7 5. Nge2 O-O 6. O-O Nxe4 7. Nxe4 d5 8. Bd3 dxe4 9. Bxe4 c6 ({RR} 9... Nd7 10. Bg5 h6 11. Be3 e5 12. Qd2 Nf6 13. Bd3 e4 14. Bc4 Ng4 15. Bf4 g5 16. Bg3 Re8 17. h3 Nf6 18. Rad1 Nd5 19. Nc3 c6 20. Rfe1 Bf5 21. Bxd5 cxd5 22. Nb5 Re7 23. h4 f6 24. c4 {1-0 Wang,L (2128)-Stojanovski,S (2169) Titled Tue 11th Jun Late 2024 (10)}) 10. c3 Nd7 11. Bg5 $146 ({RR} 11. f4 Nf6 12. Bc2 Be6 13. Ng3 Qb6 14. Qe2 Rfe8 15. Kh1 c5 16. f5 Bd7 17. dxc5 Qxc5 18. Be3 Qe5 19. Qd2 Bc6 20. Bd4 Qd6 21. Bb3 Bd5 22. fxg6 hxg6 23. Bxf6 Bxb3 24. Qxd6 exd6 25. axb3 Bxf6 {1-0 Santos,L-Kong,V Olympiad-20 Preliminaries E 1972 (1)}) ({RR} 11. Be3 e5 12. Qc2 Kh8 13. dxe5 Nxe5 14. f4 Ng4 15. Bf2 Nxf2 16. Rxf2 f5 17. Bf3 Be6 18. Rd1 {½-½ Krueger,G (1815)-Piske,T (1890) Mecklenburg VP LL 9495 1994}) ({RR} 11. Bf4 Nf6 12. Bd3 Qb6 13. Qd2 Re8 14. Rab1 c5 15. Bh6 Bh8 16. h3 cxd4 17. Nxd4 e5 18. Nb3 Be6 19. Qc2 Nd5 20. Nd2 Rac8 21. Nc4 Qd8 22. Ne3 Nb4 23. Qe2 Qxd3 {0-1 Hirschmann,J (1723)-Seidel,M (1901) Nuremberg LGA Cup 7th 2010 (6)}) 11... h6 12. Be3 Nf6 13. Bc2 Nd5 14. Nf4 Nxe3 15. fxe3 e5 16. Nd3 Qg5 17. Qf3 Be6 18. Nc5 exd4 19. exd4 Bd5 20. Ne4 Qe7 21. Qd3 b5 22. b3 Qxe4 23. Qxe4 Bxe4 24. Bxe4 Rac8 25. Rac1 Rfe8 26. Bf3 b4 27. Rfd1 Red8 28. Kf1 bxc3 29. Rxc3 Rxd4 30. Rxd4 Bxd4 31. Rxc6 Rxc6 32. Bxc6 Bc5 33. Ke2 Bb4 34. Kd3 Kf8 35. Kc4 a5 36. Kb5 Ke7 37. a3 Bxa3 38. Kxa5 Bd6 39. h3 f5 40. b4 g5 41. Bf3 Kf6 42. b5 Ke5 43. b6 Kf4 44. b7 g4 45. hxg4 fxg4 46. Bc6 h5 47. Kb6 Bb8 48. Kc5 g3 1/2-1/2

[Event "Olympiad Women 2024"]
[Site "Budapest HUN"]
[Date "2024.09.15"]
[Round "5.68"]
[Board "3"]
[White "Patil, Anvita Niranjan"]
[Black "Paunescu, Aida"]
[Result "0-1"]
[WhiteElo "1589"]
[BlackElo "1603"]
[PlyCount "106"]
[EventDate "2024.09.11"]
[WhiteTeam "Cayman Islands"]
[BlackTeam "Cyprus"]
[WhiteTeamCountry "CAY"]
[BlackTeamCountry "CYP"]

1. e4 c6 2. d4 d5 3. exd5 cxd5 4. c3 Nc6 5. Nf3 Nf6 6. Bf4 Bf5 7. Nbd2 e6 8. Bb5 ({RR} 8. Nh4 Be4 9. Nxe4 Nxe4 10. Nf3 Bd6 11. Bxd6 Qxd6 12. Bd3 O-O 13. O-O a6 14. Qe2 f5 15. Rfe1 Rae8 16. a4 Re7 17. Rac1 Rd8 18. b4 Rc7 19. b5 axb5 20. Bxb5 Ne7 21. c4 dxc4 22. Rxc4 Nd5 {0-1 Kramnik,V (2812)-Topalov,V (2761) Paris GCT blitz 2016 (11)}) 8... Bd6 9. Bg3 O-O 10. O-O Rc8 $146 ({RR} 10... a6 11. Ba4 h6 12. Bc2 Bxc2 13. Qxc2 Rc8 14. Qd3 Bxg3 15. hxg3 Qc7 16. Rfe1 b5 17. a4 Qb7 18. b4 Ne7 19. Nb3 Ra8 20. Nc5 Qc7 21. Ne5 Nf5 22. g4 Nd6 23. g5 hxg5 24. Re3 g4 25. f3 {0-1 Kuznetsova,O (2142)-Hamidov,A (2247) Titled Tue 3rd Sep Early 2024 (3)}) ({RR} 10... Bxg3 11. hxg3 Rc8 12. Re1 a6 13. Bxc6 Rxc6 14. Ne5 Rc7 15. g4 Bg6 16. g5 Nd7 17. Nxd7 Rxd7 18. Qg4 b5 19. a3 a5 20. Nf3 Rd6 21. b4 axb4 22. axb4 Rc6 23. Re3 Qc7 24. Ra3 Rc8 25. Ne5 {1-0 Kamsky,G (2665)-Ronka,E (2303) Titled Tuesday intern op 25th May blitz 2021 (2)}) ({RR} 10... Ne7 11. Ne5 h6 12. a4 a6 13. Be2 Ne4 14. Nxe4 Bxe4 15. Bd3 Bxd3 16. Qxd3 Nf5 17. Rfe1 Nxg3 18. hxg3 Bxe5 19. Rxe5 b5 20. axb5 axb5 21. Rae1 b4 22. cxb4 Qb6 23. g4 Qxb4 24. g5 hxg5 25. R1e2 {1-0 Injac,T (2424)-Velasco,S (2278) Titled Tue 18th Jun Early 2024 (4)}) 11. Re1 a6 12. Ba4 Na5 13. Rc1 Nc4 14. Nxc4 Rxc4 15. Bc2 Bxc2 16. Qxc2 Ne4 17. Bxd6 Qxd6 18. Ne5 Rc7 19. f3 Nf6 20. Kh1 Rfc8 21. Nd3 Nd7 22. Qb3 h6 23. Qb4 Qf8 24. g3 b6 25. Qxf8+ Kxf8 26. Kg2 Nb8 27. Kf2 Nc6 28. Ne5 Nxd4 29. Nd7+ Rxd7 30. cxd4 Rdc7 31. Rxc7 Rxc7 32. Re3 Rc4 33. Rd3 Rc2+ 34. Ke3 Rxb2 35. Rd2 Rxd2 36. Kxd2 Ke7 37. Kc3 Kd6 38. a4 f6 39. Kb4 e5 40. dxe5+ Kxe5 41. Kc3 d4+ 42. Kd3 Kd5 43. h4 b5 44. axb5 axb5 45. g4 b4 46. Kc2 Kc4 47. f4 b3+ 48. Kd2 d3 49. Kc1 Kc3 50. g5 b2+ 51. Kb1 d2 52. gxh6 d1=Q+ 53. Ka2 Qa1# 0-1

[Event "Olympiad Women 2024"]
[Site "Budapest HUN"]
[Date "2024.09.15"]
[Round "5.69"]
[Board "1"]
[White "Hamadeh, Sally"]
[Black "Yavo Tchetche, Marie"]
[Result "0-1"]
[WhiteElo "1557"]
[BlackElo "1686"]
[PlyCount "82"]
[EventDate "2024.09.11"]
[WhiteTeam "Lebanon"]
[BlackTeam "Cote d’Ivoire"]
[WhiteTeamCountry "LBN"]

1. e4 e6 2. Nf3 c5 3. d4 cxd4 4. Nxd4 Nf6 5. Nc3 Bb4 6. Bd3 h6 ({RR} 6... d6 7. O-O O-O 8. Bg5 Nbd7 9. Kh1 h6 10. Bh4 Ne5 11. f4 Ng6 12. Bg3 e5 13. fxe5 dxe5 14. Nf5 Bxc3 15. bxc3 Be6 16. Qf3 Nd7 17. Bf2 Rc8 18. c4 b6 19. Rad1 Qc7 20. Be3 Nc5 21. Qh5 {0-1 Muzychuk,M (2529)-Muzychuk,A (2545) Beijing Sportaccord Basque (Women) 2014 (3.12)}) 7. O-O Bxc3 ({RR} 7... Nc6 8. a3 Be7 9. Nxc6 bxc6 10. e5 Nd5 11. Nxd5 cxd5 12. f4 O-O 13. f5 exf5 14. Bxf5 d6 15. exd6 Qxd6 16. Kh1 Bb7 17. Be3 Rad8 18. Bd4 Kh8 19. Qf3 Bf6 20. Bxf6 Qxf6 21. Bd3 Qg5 22. Qf5 {0-1 Yingchuros,S (1241)-Jitsamlan,A (1180) THA-ch 45th Ayutthaya 2022 (7)}) 8. bxc3 d6 $146 ({RR} 8... O-O 9. Ba3 Re8 10. Nb5 Qa5 11. Bb4 Qb6 12. Nd6 Rd8 13. Rb1 a6 14. e5 Nd5 15. Qf3 Rf8 16. Nc4 Qd8 17. Bxf8 Qxf8 18. Be4 Nc6 19. Bxd5 exd5 20. Qxd5 b5 21. Nb6 Ra7 22. Nxc8 Qxc8 23. Rfe1 {½-½ Svendsen,T (1522)-Bjornstad,L (1471) Vadsosjakken op 2007 (4)}) ({RR} 8... Nc6 9. Nb5 O-O 10. Ba3 Re8 11. Nd6 Qa5 12. Nxe8 Nxe8 13. Bb2 b6 14. Qg4 d6 15. f4 e5 16. Qg3 exf4 17. Rxf4 Be6 18. Kh1 Ne5 19. a3 Rc8 20. Rff1 Kh7 21. Rad1 f6 22. h3 Qc5 23. Qf2 {0-1 Lajer,L-Kollarics,J HUN-chT2 Szechenyi 0405 2004 (4)}) ({RR} 8... O-O 9. c4 Nc6 10. Nb3 b6 11. f4 d6 12. Bb2 Qc7 13. Bxf6 gxf6 14. Qg4+ Kh7 15. Rf3 Rg8 16. Qh4 Kg7 17. Rg3+ Kf8 18. Qxh6+ Rg7 19. Rxg7 Bb7 20. Qh7 {1-0 Cubillos Diaz De Valdes,R (1318)-Romero,J (1442) South American-ch U10 2016 (6.10)}) 9. Ba3 a6 10. Kh1 e5 11. Ne2 O-O 12. c4 Be6 13. Nc3 Qc7 14. Qe2 Nbd7 15. Rfd1 Rfc8 16. Nd5 Bxd5 17. cxd5 b5 18. Qd2 Nc5 19. f3 Nfd7 20. Rab1 Na4 21. Bb2 Nxb2 22. Rxb2 Nc5 23. g3 Na4 24. Rb3 Nc3 25. Rg1 Nxa2 26. f4 f6 27. Be2 Qxc2 28. Rb2 Qxd2 29. Rxd2 Nc3 30. Bf3 Rc4 31. Re1 a5 32. Rc2 b4 33. Bd1 b3 34. Rb2 Nxd1 35. Rxd1 a4 36. Ra1 Rac8 37. Kg2 Rc2+ 38. Rxc2 Rxc2+ 39. Kf3 b2 40. Rb1 a3 41. Ke3 Rc1 0-1

[Event "Olympiad Women 2024"]
[Site "Budapest HUN"]
[Date "2024.09.15"]
[Round "5.69"]
[Board "2"]
[White "Kouassi Edichy Berenice"]
[Black "Fawaz, Nadia"]
[Result "1/2-1/2"]
[WhiteElo "1528"]
[BlackElo "1747"]
[PlyCount "107"]
[EventDate "2024.09.11"]
[WhiteTeam "Cote d’Ivoire"]
[BlackTeam "Lebanon"]
[BlackTeamCountry "LBN"]

1. d4 d5 2. Nf3 Nf6 3. g3 e6 4. Bg2 Bd6 5. O-O O-O 6. c4 c6 7. Nc3 Nbd7 8. Nd2 b6 9. e4 dxe4 10. Ndxe4 Nxe4 11. Nxe4 Bc7 12. Nc3 $146 ({RR} 12. b3 Re8 13. Ng5 Nf6 14. Bxc6 Bd7 15. Bxd7 Qxd7 16. Nf3 Rad8 17. Qe2 b5 18. cxb5 h6 19. Bb2 Qd5 20. Rac1 Bd6 21. Ne5 Rb8 22. Rc6 Red8 23. Ra6 Bxe5 24. Qxe5 Qb7 25. Rc1 Rd5 26. Qc7 Qxb5 {1-0 Dorfman,J (2580)-Jonsson,B (2400) ISL-FRA Reykjavik 1993 (8)}) ({RR} 12. b3 Qe7 13. a4 Rb8 14. Qh5 f5 15. Ba3 c5 16. Qg5 Bd8 17. Qxe7 Bxe7 18. Nc3 Bf6 19. Rad1 Bxd4 20. Nb5 e5 21. Bd5+ Kh8 22. Nxd4 exd4 23. Bc1 Bb7 24. Bf4 Bxd5 25. Bxb8 Bf3 26. Bd6 Bxd1 {0-1 Moen,A (2210)-Skare,K (2140) Gausdal Eikrem Memorial 1998 (9)}) ({RR} 12. Qa4 Bb7 13. Ng5 Nf6 14. Rd1 Qd7 15. c5 b5 16. Qc2 a5 17. Be4 h6 18. Nh7 Nxh7 19. Bxh7+ Kh8 20. Be4 f5 21. Bg2 f4 22. b3 f3 23. Bh3 Qd5 24. Re1 Qh5 25. Bf1 Rad8 26. Re4 Rf5 {1-0 Dome,M (1787)-Ferkova,D (2002) Pardubice Czech op-B 32nd 2021 (6)}) 12... Bb7 13. Nb5 cxb5 14. Bxb7 Rb8 15. Bg2 bxc4 16. a4 a6 17. Be3 Nf6 18. Qe2 b5 19. axb5 axb5 20. Ra3 Nd5 21. Bd2 Qf6 22. Rd1 Bd6 23. Ra6 Rb6 24. Ra7 h6 25. Qf3 Qxf3 26. Bxf3 Nf6 27. Rda1 Rfb8 28. R1a6 b4 29. Rxb6 Rxb6 30. Rb7 Rxb7 31. Bxb7 Nd5 32. Ba6 c3 33. bxc3 bxc3 34. Bc1 c2 35. Kf1 Nc3 36. Ke1 Bb4 37. Kd2 Na2+ 38. Kxc2 Nxc1 39. Kxc1 Bc3 40. f3 Bxd4 41. Kc2 Bg1 42. h3 Kf8 43. g4 Ke7 44. Kd3 Kf6 45. Ke4 Kg5 46. f4+ Kh4 47. Bf1 Bh2 48. f5 e5 49. Bg2 h5 50. Kf3 g6 51. fxg6 fxg6 52. gxh5 Kxh5 53. Ke4 Kh4 54. Kf3 1/2-1/2